Výhody a nevýhody metód EVA a CFROI
Na účely zistenia finančnej výkonnosti podniku boli zostavené rôzne ukazovatele, medzi ktoré patria ukazovateľ ekonomickej pridanej hodnoty (EVA) ako aj CFROI. Výpočty týchto ukazovateľov. Výhody a nevýhody ukazovateľov EVA a CFROI.
Enregistré dans:
| Auteur principal: | |
|---|---|
| Format: | Chapitre de livre |
| Langue: | slovaque |
| Sujets: | |
| Tags: |
Pas de tags, Soyez le premier à ajouter un tag!
|
MARC
| LEADER | 00000nla$a2200000$$$4500 | ||
|---|---|---|---|
| 001 | 0145117 | ||
| 005 | 20240502072615.8 | ||
| 041 | 0 | |a slo | |
| 044 | |a SK | ||
| 245 | 1 | 0 | |a Výhody a nevýhody metód EVA a CFROI |c Marianna Janisová |
| 520 | |a Na účely zistenia finančnej výkonnosti podniku boli zostavené rôzne ukazovatele, medzi ktoré patria ukazovateľ ekonomickej pridanej hodnoty (EVA) ako aj CFROI. Výpočty týchto ukazovateľov. Výhody a nevýhody ukazovateľov EVA a CFROI. | ||
| 610 | 2 | 0 | |a podnik |
| 610 | 2 | 0 | |a výkonnosť |
| 610 | 2 | 0 | |a ukazovatele finančné |
| 610 | 2 | 0 | |a ukazovateľ EVA |
| 100 | 1 | |a Janisová, Marianna | |